000 00354nam a2200157 4500
003 OSt
008 250123b |||||||| |||| 00| 0 eng d
020 _a9781962572521
100 _aDOSTOEVSKY, Fyodor
245 _aWhite Nights
250 _aRep
260 _bOm Books International
_c2025
300 _a95
650 _aB. Tech CSE
942 _2ddc
_cBK
999 _c13007
_d13007